000 00691nam a2200181Ia 4500
008 100920s9999 xx 000 0 und d
082 _b81126
_a--- थ 99
100 _aअनु. गुजर अनिल./ चेस जेम्स हॅडले
245 _aप्रीतीची सुरी दुधारी.
260 _bचैतन्य एजन्सी, पुणे.
_c1999
300 _a160
_bसाधी
365 _b100
520 _aकादंबरी.
630 _aप्रीतीची सुरी दुधारी.
650 _aकादंबरी.
730 _aप्रीतीची सुरी दुधारी.
942 _cBOOK
999 _c721962
_d721959